United States Map Quiz - SKIBIDI GYATT VERSION - Statistics

General Stats
  • This quiz has been taken 249 times
  • The average score is 8 of 50
Answers on the Map
Answers color-coded by a green-red scale on the quiz's map according to % correct below.
 
Answer Stats
Answer % Correct
Also don't knoww how to spell tennennseene
51%
BABY GRONK FORNIA
36%
Baltimore Ravens (EWWWWW)
35%
Idk how to spell misissisispi
30%
New York City
30%
Iowa Blud
28%
Mew--sconsin
27%
GYATT-ska
26%
OHIOOOO
26%
ISLAND OHIO
25%
Cowboy Ohio
24%
North Mexico (OHIO)
24%
GYATT-A-Ra-Do
23%
Minne-GYATT-a (zero bops only fine shyts)
23%
SOUTH OHIO
23%
East Ohio
21%
east maryland
20%
Hot Ohio (Most Bops) (AURA-ZONA)
20%
North Ohio (Terrible state)
20%
MR BEAST STATE
19%
Ninja Low Taper Fade Dakota
19%
Skibidi Dakota
19%
West OHio
19%
State ran by lobsters
18%
Ne-GYATT-A
17%
Beach Ohio (Bop House)
12%
I- GYATT- TO GO
12%
Obamagon
11%
South Caseoh
11%
Virgin (Bops)
10%
West Virgin (zero bops)
10%
Rizzington
9%
PAtrick MAHOMES
8%
YN state (Atlanta)
7%
Beta State
6%
Michael Jordan
5%
forgot what state this is
4%
Poor people
4%
Virginia?
4%
Wanna-be Ohio rizz
4%
most glazed state
3%
New Ohio
2%
This state also has YN's
2%
forgot what state name
1%
LEBRON Pookie
1%
Sigama sigama boi sigama boi
1%
tesrnagrnaorgni
1%
tiny blud
1%
jimmy butler
0%
luh csalmfovjrijv state
0%
No matching quizzes found
Score Distribution
Percent of People with Each Score
Percentile by Number Answered
Your Score History
You have not taken this quiz